000 00739cab a2200217 4500
001 ABS59128
008 090401t1998 xxu||||| |||| 00| 0 eng d
035 _a(Sirsi) u88112
041 _aeng
100 _aBrewer, G.
245 _aAssessing overheads
260 _c1998
350 _a0
490 _aContract Journal
_v395(6188) 12 August 1998, 17(1)
520 _aDiscusses "Norwest Holst Construction v Co-operative Wholesale Society" which examined the formula based approach to the calculation of head office overheads.
650 _aHEAD OFFICE OVERHEADS
650 _aNORWEST HOLST CONSTRUCTION V COOPERATIVE WHOLESALE SOCIETY
690 _aBUILT ENVIRONMENT-BUILDING CONTRACT FORMS
942 _n0
948 _c25/08/1998
999 _c55653
_d55653